| 000 | 01452cam a2200373 i 4500 | ||
|---|---|---|---|
| 001 | 49943 | ||
| 003 | Mx-PuUPA | ||
| 005 | 20240604091749.0 | ||
| 008 | 140415s2006 mx a r 000 0 spa d | ||
| 020 | _a9789701057537 | ||
| 020 | _a9701057538 | ||
| 040 |
_aMx-PuUPA _bspa _cMx-PuUPA _dMx-PuUPA _erda |
||
| 041 | 0 | _aspa | |
| 100 | 1 |
_aHernández Sampieri, Roberto, _eautor _92476 |
|
| 245 | 1 | 0 |
_aMetodología de la investigación / _cRoberto Hernández Sampieri, Carlos Fernández Collado, Pilar Baptista Lucio |
| 250 | _aCuarta edición | ||
| 264 | 1 |
_aMéxico, D.F. : _bMcGraw-Hill Interamericana Editores, _c©2006 |
|
| 300 |
_axliv, 850 páginas : _bilustraciones ; _c24 cm. + _e1 disco de computadora (4 3/4 pulg.) |
||
| 336 |
_atexto _2rdacontent _btxt |
||
| 337 |
_asin medio _2rdamedia _bn |
||
| 337 |
_acomputadora _2rdamedia _bc |
||
| 338 |
_avolumen _2rdacarrier _bnc |
||
| 338 |
_adisco compacto _2rdacarrier _bcd |
||
| 501 | _aCon CD-Rom: Material de apoyo para el alumno. | ||
| 538 |
_iRequisitos mínimos: _aAdobe Flash, Player 9, Internet explorer 7. |
||
| 650 | 7 |
_aInvestigación científica _vMetodología _2armarc |
|
| 700 | 1 |
_aFernández Collado, Carlos, _d1953- _eautor _92473 |
|
| 700 | 1 |
_aBaptista Lucio, Pilar, _eautor _92477 |
|
| 942 |
_2ddc _cLI _h001.42 _iH535 |
||
| 999 |
_c49943 _d49943 |
||